000 00386nam a2200133Ia 4500
008 100328s9999 xx 000 0 und d
082 _b17424
100 _aभारती दत्त
245 _aअन बुझी प्यास
260 _bचौारी
630 _aअन बुझी प्यास
730 _aअन बुझी प्यास
942 _cBOOK
999 _c512000
_d511997